LEADER 04223nam 2200649 450 001 9910820751603321 005 20200520144314.0 010 $a0-8014-5472-7 010 $a0-8014-5473-5 024 7 $a10.7591/9780801454738 035 $a(CKB)3710000000377240 035 $a(EBL)3138716 035 $a(SSID)ssj0001460451 035 $a(PQKBManifestationID)11808953 035 $a(PQKBTitleCode)TC0001460451 035 $a(PQKBWorkID)11468557 035 $a(PQKB)11742722 035 $a(StDuBDS)EDZ0001516644 035 $a(MiAaPQ)EBC3138716 035 $a(OCoLC)905564277 035 $a(MdBmJHUP)muse37653 035 $a(DE-B1597)480040 035 $a(OCoLC)979630432 035 $a(DE-B1597)9780801454738 035 $a(Au-PeEL)EBL3138716 035 $a(CaPaEBR)ebr11036244 035 $a(EXLCZ)993710000000377240 100 $a20140411d2014 uy| 0 101 0 $aeng 135 $aur|n|---||||| 181 $ctxt 182 $cc 183 $acr 200 10$aAgainst immediate evil $eAmerican internationalists and the four freedoms on the eve of World War II /$fAndrew Johnstone 210 1$aIthaca :$cCornell University Press,$d2014. 215 $a1 online resource (240 p.) 300 $aDescription based upon print version of record. 311 $a0-8014-5325-9 320 $aIncludes bibliographical references and index. 327 $aThe Sino-Japanese War and the American Committee for Non-Participation in Japanese Aggression -- The coming of war and the American Union for Concerted Peace Efforts -- The phony war and the Non-Partisan Committee for Peace through Revision of the Neutrality Law -- Blitzkrieg and the Committee to Defend America by Aiding the Allies -- The destroyer bases agreement and the Century group -- Maximum aid and the battle for Lend-Lease -- Deliver the goods and Fight for Freedom -- The Battle of the Atlantic from Barbarossa to Pearl Harbor. 330 $aIn Against Immediate Evil, Andrew Johnstone tells the story of how internationalist Americans worked between 1938 and 1941 to convince the U.S. government and the American public of the need to stem the rising global tide of fascist aggression. As war approached, the internationalist movement attempted to arouse the nation in order to defeat noninterventionism at home and fascism overseas. Johnstone's examination of this movement undermines the common belief that the Japanese attack on Pearl Harbor wrenched an isolationist United States into global armed conflict and the struggle for international power.Johnstone focuses on three organizations-the American Committee for Non-Participation in Japanese Aggression, the Committee to Defend America by Aiding the Allies, and Fight For Freedom-that actively promoted a more global role for the United States based on a conception of the "four freedoms" later made famous by FDR. The desire to be free from fear was seen in concerns regarding America's immediate national security. The desire to be free from want was expressed in anxieties over the nation's future economic prosperity. The need for freedom of speech was represented in concerns over the potential loss of political freedoms. Finally, the need for freedom of worship was seen in the emphasis on religious freedoms and broader fears about the future of Western civilization. These groups and their supporters among the public and within the government characterized the growing global conflict as one between two distinct worlds and in doing so, set the tone of American foreign policy for decades to come. 606 $aInternationalism$xHistory$y20th century 606 $aNeutrality$zUnited States$xHistory$y20th century 606 $aPublic opinion$zUnited States$xHistory$y20th century 607 $aUnited States$xForeign relations$y1933-1945$xPublic opinion 615 0$aInternationalism$xHistory 615 0$aNeutrality$xHistory 615 0$aPublic opinion$xHistory 676 $a327.73009/04 700 $aJohnstone$b Andrew$g(Andrew E.),$0472413 801 0$bMiAaPQ 801 1$bMiAaPQ 801 2$bMiAaPQ 906 $aBOOK 912 $a9910820751603321 996 $aAgainst immediate evil$93979169 997 $aUNINA LEADER 03898oam 22005414a 450 001 9910286451603321 005 20241204165116.0 010 $a607-628-297-5 035 $a(CKB)4100000006673215 035 $a(OCoLC)1148101435 035 $a(MdBmJHUP)muse84675 035 $a(WaSeSS)IndRDA00120612 035 $a(oapen)https://directory.doabooks.org/handle/20.500.12854/89448 035 $a(oapen)doab89448 035 $a(EXLCZ)994100000006673215 100 $a19830923d1982 uy 0 101 0 $aspa 135 $aur|||||||nn|n 181 $ctxt$2rdacontent 182 $cc$2rdamedia 183 $acr$2rdacarrier 200 00$aCambio religioso y dominación cultural$eel impacto del Islam y del cristianismo sobre otras sociedades /$fDavid N. Lorenzen, compilador 205 $aPrimera edicio?n. 210 $cEl Colegio de México$d1982 210 1$aMexico, D.F. :$cColegio de Mexico,$d1982. 210 4$d©1982. 215 $a1 online resource (216 p.) 300 $a"Este volumen es el resultado de un seminario sobre 'El cambio religioso y la dominacio?n' que se organizo? como una parte del 30 Congreso Internacional de Ciencias Humanas en Asia y Africa del Norte ... que se celebro? en la ciudad de Mexico en el an?o 1976"--P. 1. 311 08$a968-12-0171-X 320 $aIncludes bibliographical references. 327 $aLa conversio?n en la epoca de la dominacio?n musulmana / Nehemia Levtzion -- La islamizacio?n en el subcontinente indio / S.A.A. Rizvi -- Formas de islamizacio?n en el sudeste indio / A.H. Johns -- Cambios religiosos en la conquista de Mexico / Eva Alexandra Uchmany -- La experiencia filipina bajo el dominio espan?ol / Rosario Mendoza Cortes -- Sincretismo religioso en Mexico / William Madsen -- El Kabi?r Panth / David N. Lorenzen -- Kabi?r, Na?nak y el primitivo Sikh Panth / W.H. McLeod -- El Sikh Panth (1500-1850) / J.S. Grewal. 330 $aLos autores de los ensayos que aparecen en este volumen buscan un modelo del cambio religioso que permita comprender los contactos históricos contingentes entre sociedades distintas, sobre todo ante una situación de dominio de una sociedad frente a otra. Su esfuerzo se orienta hacia la identificación de la variedad de elementos implicados en tales contactos y hacia la explicación de cómo sus efectos permean y modifican las instituciones y los valores religiosos de las sociedades. Los ensayos se refieren a varios casos históricos, en particular la penetración del islam en el Medio Oriente, la India e Indonesia, y la penetración del cristianismo en Filipinas y México. Tomados en conjunto, los ensayos sugieren una serie de determinantes generales que ayudan a entender por qué el cambio religioso es rápido y relativamente radical en algunos casos -los que se agrupan bajo el rubro de la conversión- y más lento y parcial en otros -los agrupados bajo el rubro del sincretismo. Los factores principales que rigen estos procesos incluyen el modo y la extensión de los contactos, los diferentes niveles de desarrollo económico y científico de las sociedades; la naturaleza de sus respectivos valores, de sus creencias y de sus prácticas religiosas. 606 $aChristianity$xInfluence$xCongresses 606 $aIslam$xInfluence$xCongresses 606 $aReligions$xHistory$xCongresses 615 0$aChristianity$xInfluence$xCongresses. 615 0$aIslam$xInfluence$xCongresses. 615 0$aReligions$xHistory$xCongresses. 676 $a306/.6 700 $aLorenzen$b David N$4auth$0251699 701 $aLorenzen$b David N$0251699 712 12$aInternational Congress of Human Sciences in Asia and North Africa$d(30th :$f1976 :$eMexico City, Mexico) 801 0$bMdBmJHUP 801 1$bMdBmJHUP 906 $aBOOK 912 $a9910286451603321 996 $aCambio religioso y dominación cultural$92432606 997 $aUNINA